000 00673nam a2200253Ia 4500
005 20260121155226.0
008 008 260114s9999 xx 000 0 eng d
020 _a9780429030550
037 _aEBOOK
040 _aCRL
040 _beng
040 _cCRL
041 _2eng
041 _aeng
084 _qCRL
100 _a Andrea Raiker; Matti Rautiainen; Blerim Saqipi
_91016898
245 0 _aTeacher Education and the Development of Democratic Citizenship in Europe
260 _bTaylor and Francis
260 _c2020
856 _uhttp://www.taylorfrancis.com/books/9780429030550
942 _cEBOOK
999 _c1583717
_d1583717